| 000 | 01984nam0a2200445 4500 | ||
|---|---|---|---|
| 001 | RU\NLR\bibl\1329118 | ||
| 005 | 20260408192435.0 | ||
| 010 |
_a978-5-93094-240-8 _d130 р. _95000 |
||
| 021 |
_aRU _b2008-99987 _95879 |
||
| 035 | _a(nilc)EL/0000200005 | ||
| 035 | _a(NLR Aleph) 001314378 | ||
| 090 |
_a699720 _c699720 |
||
| 100 | _a20080619d2008 |||y0rusy50 ca | ||
| 101 | 0 | _arus | |
| 102 | _aRU | ||
| 105 | _ay z ||||| | ||
| 200 | 1 |
_aПосредническая деятельность: учет и налогообложение _fП. С. Никаноров |
|
| 210 |
_aМосква _cНалоговый вестник _d2008 |
||
| 215 |
_a319 с. _d20 |
||
| 225 | 1 |
_aБухгалтерский учет в целях налогообложения _v(Вып. N° 5) |
|
| 606 | 1 |
_aПосреднические услуги _xДоговоры _xБухгалтерский учет _yРоссийская Федерация _92160560 _3RU\NLR\auth\661300291 |
|
| 606 | 1 |
_aДоговоры и сделки _yРоссийская Федерация _91562328 _3RU\NLR\auth\66983796 |
|
| 606 |
_aПосреднические услуги _xДоговоры _xНалоговое обложение _yРоссийская Федерация _3RU\NLR\auth\661300292 _92160561 |
||
| 610 | 1 | _aПосредничество | |
| 610 | 1 | _aУслуга посредническая | |
| 610 | 1 | _aДоговор посреднический | |
| 686 |
_a65.052.9(2Рос)2 _vLBC/RL _2rubbk |
||
| 686 |
_a65.9(2Рос)261.411.2 _vLBC/RL _2rubbk |
||
| 686 |
_a67.623.21 _vLBC/RL _2rubbk |
||
| 686 | _aХ623.211.8 | ||
| 686 | _aУ052.9(2)2-14 | ||
| 686 | _aУ26(2)141.3 | ||
| 700 | 1 |
_aНиканоров _bП. С. _gПетр Сергеевич _4070 |
|
| 801 | 0 |
_aRU _bОмская ГОНБ _c20080619 _grcr |
|
| 801 | 1 |
_aRU _bОмская ГОНБ _c20080619 _2rusmarc |
|
| 801 | 2 |
_aRU _bNLR _c20090213 _grcr |
|
| 830 | _aавт. по кн. | ||
| 942 | _cBOOK | ||
| 980 | _aNB | ||